| 000 | 00614nam a22002177a 4500 | ||
|---|---|---|---|
| 003 | UA-OsUOA | ||
| 001 | 47471 | ||
| 007 | ta | ||
| 008 | 20070724b un ||||| |||| 00| 0 ukr d | ||
| 090 |
_a81,374,2-161,1 _bР89 |
||
| 942 | _cBK | ||
| 040 |
_aUA-OsUOA _brus _cUA-OsUOA _dUA-OsUOA |
||
| 245 | _aРусско-Французский словарь | ||
| 300 | _a742 с. | ||
| 955 | _a2 | ||
| 041 | _arus | ||
| 080 | _a81,374,2-161,1 | ||
| 260 |
_aМ. _bЮНВЕС _c1995 |
||
| 650 | 7 |
_a8 Мовознавство. Художня література. Літературознавство _2UDC |
|
| 999 |
_c333569 _d333569 |
||